[Event "IECG TE.1999.F.00201 email"]
[Site "IECG email"]
[Date "2001.03.23"]
[Round "?"]
[White "McKlveen, Paul"]
[Black "Sanchez Carol, Jesus"]
[Result "1-0"]
[WhiteElo "1700"]
[BlackElo "1776"]
[PlyCount "60"]
[EventDate "2001.03.23"]
[EventType "tourn (corr)"]
[EventRounds "14"]
[SourceTitle "Corr 2008"]
[Source "ChessBase"]
[SourceDate "2008.06.24"]
[SourceVersion "1"]
[SourceVersionDate "2008.06.24"]
[SourceQuality "1"]

1. c4 e5 2. Nc3 Nf6 3. Nf3 Nc6 4. g3 Bc5 5. Bg2 h6 6. Nxe5 Bxf2+ 7. Kxf2 Nxe5 8. b3 Nfg4+ 9. Kg1 Qf6 10. Qf1 Qb6+ 11. e3 Nf6 12. d4 Ng6 13. c5 Qe6 14. e4 Qe7 15. e5 Nh7 16. Bd2 Qd8 17. Qd3 Rb8 18. Be4 Ngf8 19. Rf1 Ng5 20. Bxg5 Qxg5 21. h4 Qh5 22. Nd5 Ne6 23. Bf5 c6 24. g4 Qxf5 25. gxf5 cxd5 26. fxe6 dxe6 27. Rh2 Bd7 28. Rhf2 0-0 29. Rg2 Bc6 30. Rf6 b5 1-0

[Event "IECG TE.1999.F.00201 email"]
[Site "IECG email"]
[Date "2001.03.23"]
[Round "?"]
[White "McKlveen, Paul"]
[Black "Sarobe, Raul"]
[Result "1/2-1/2"]
[WhiteElo "1700"]
[BlackElo "2171"]
[PlyCount "20"]
[EventDate "2001.03.23"]
[EventType "tourn (corr)"]
[EventRounds "14"]
[SourceTitle "Corr 2008"]
[Source "ChessBase"]
[SourceDate "2008.06.24"]
[SourceVersion "1"]
[SourceVersionDate "2008.06.24"]
[SourceQuality "1"]

1. c4 e5 2. Nc3 Nf6 3. Nf3 Nc6 4. g3 Bc5 5. Bg2 d6 6. 0-0 0-0 7. d3 Re8 8. Bg5 h6 9. Bxf6 Qxf6 10. Nd2 Qg6 1/2-1/2

[Event "IECG TE.1999.F.00201 email"]
[Site "IECG email"]
[Date "2001.03.23"]
[Round "?"]
[White "Sanchez Carol, Jesus"]
[Black "McKlveen, Paul"]
[Result "0-1"]
[WhiteElo "1776"]
[BlackElo "1700"]
[PlyCount "110"]
[EventDate "2001.03.23"]
[EventType "tourn (corr)"]
[EventRounds "14"]
[SourceTitle "Corr 2008"]
[Source "ChessBase"]
[SourceDate "2008.06.24"]
[SourceVersion "1"]
[SourceVersionDate "2008.06.24"]
[SourceQuality "1"]

1. c4 e5 2. Nc3 Nf6 3. Nf3 Nc6 4. g3 Bc5 5. d3 d6 6. Bg2 0-0 7. h3 Be6 8. Ng5 Bf5 9. 0-0 Qd7 10. Nd5 Nxd5 11. cxd5 Ne7 12. e4 f6 13. exf5 fxg5 14. g4 h6 15. Be3 g6 16. fxg6 Nxg6 17. Bxc5 dxc5 18. Qb3 Rab8 19. Rae1 Qd6 20. Re3 Nf4 21. Rfe1 Rbe8 22. a3 b6 23. Bh1 Rd8 24. Qc4 a5 25. Qc2 Qf6 26. Kh2 Rfe8 27. Qc4 Qd6 28. b3 Kg7 29. Qc3 Nxd5 30. Bxd5 Qxd5 31. Rxe5 Rxe5 32. Rxe5 Qd4 33. Qe1 Rf8 34. Re7+ Rf7 35. Kg1 Qd6 36. Rxf7+ Kxf7 37. Qe3 Kf6 38. h4 Qe6 39. Qxe6+ Kxe6 40. Kg2 Kd5 41. a4 Kd4 42. Kg3 b5 43. hxg5 hxg5 44. axb5 Kxd3 45. f4 gxf4+ 46. Kxf4 a4 47. g5 axb3 48. g6 b2 49. g7 b1Q 50. g8Q Qf1+ 51. Ke5 Kc3 52. Qb8 Qd3 53. Kf4 Qd6+ 54. Kf5 c4 55. Ke4 Kb4 0-1

[Event "IECG TE.1999.P.00202 email"]
[Site "IECG email"]
[Date "1999.12.10"]
[Round "?"]
[White "Frey Beckman, Kenneth"]
[Black "McKlveen, Paul"]
[Result "1-0"]
[WhiteElo "2383"]
[BlackElo "1700"]
[PlyCount "51"]
[EventDate "1999.12.10"]
[EventType "tourn (corr)"]
[EventRounds "8"]
[SourceTitle "Corr 2008"]
[Source "ChessBase"]
[SourceDate "2008.06.24"]
[SourceVersion "1"]
[SourceVersionDate "2008.06.24"]
[SourceQuality "1"]

1. c4 e5 2. Nc3 Nf6 3. Nf3 Nc6 4. g3 Bc5 5. Bg2 d6 6. 0-0 0-0 7. d3 a6 8. a3 Nd4 9. Ne1 Bg4 10. b4 Bb6 11. Bxb7 Rb8 12. Bg2 Qd7 13. Bg5 Qf5 14. Bxf6 Qxf6 15. h3 Bd7 16. Nd5 Qh6 17. e3 Ne6 18. Nf3 Ba7 19. Nh4 Ng5 20. Kh2 Ne6 21. Nf5 Qg5 22. Nfe7+ Kh8 23. f4 Qh6 24. Nf5 Qg6 25. Be4 exf4 26. exf4 1-0